000 00417nam a2200157 i 4500
001 102393
003 ES-MaACL
005 20230906183112.0
007 t|
008 051110s1960 fr ||||1| spa d
245 0 3 _aEl mercado común europeo.
260 _aParis :
_bPharos,
_c1960.
300 _a4 v. :
_bil. ;
_c33 cm.
610 0 4 _aComunidad Económica Europea.
_93130
852 _aES-MaACL
_jP-968-bis
_bR.47091
999 _c102393
_d102393